000 01392nam0a22003011 4500
001 rc\4995446
005 20130430132906.3
021 _aRU
_b[66-8095]
035 _a(NLR Aleph) 008989988
090 _a9240296
_c9240296
100 _a20130430d1966 |||y0rusy50 ca
101 0 _arus
102 _aRU
105 _ay g |||||
200 1 _aСправочник по русскому языку
_eДля студентов-иностранцев, обучающихся на подготовит. фак. вузов СССР
_fМ-во высш. и сред. спец. образования СССР. Учеб.-метод. упр. по вузам
210 _aМосква
_cВысш. школа
_d1966
215 _a159 с.
_d20
300 _aНа обороте тит. л. сост.: Баш Е.Г., Лебедева М.Н., Оконь З.П. и др.
606 _aРусский язык
_jУчебники и пособия для нерусских
_2psbo
701 1 _aОконь
_bЗ. П.
702 1 _aЛебедева
_bМ. Н.
_4220
702 1 _aБаш
_bЕ. Г.
_gЕва Григорьевна
_4220
712 0 1 _aСССР
_bУчебно-методическое управление по высшим учебным заведениям
_3RU\NLR\AUTH\8810183846
801 0 _aRU
_bNLR
_gpsbo
801 1 _aRU
_bELAR
_2rusmarc
852 _aNLR
_j66-3/1071
942 _cBOOK
980 _aNB